[Event "Oberliga Wuerttemberg 0809"]
[Site "Wuerttemberg"]
[Date "2009.03.15"]
[Round "8.3"]
[White "Beyer, Christian"]
[Black "Weiss, Andreas"]
[Result "1-0"]
[WhiteElo "2167"]
[BlackElo "2160"]
[PlyCount "93"]
[EventDate "2008.10.12"]
[EventType "team-tourn"]
[EventRounds "9"]
[EventCountry "GER"]
[SourceTitle "EXT 2019"]
[Source "ChessBase"]
[SourceDate "2018.10.10"]
[SourceVersion "1"]
[SourceVersionDate "2018.10.10"]
[SourceQuality "1"]
[WhiteTeam "Feuerbach"]
[BlackTeam "Schwaebisch Gmuend"]
[WhiteTeamCountry "GER"]
[BlackTeamCountry "GER"]

1. Nc3 c5 2. Nf3 e6 3. d4 cxd4 4. Nxd4 a6 5. g3 Bb4 6. Bg2 Nf6 7. 0-0 d5 8. e4 Bxc3 9. bxc3 Nxe4 10. c4 0-0 11. cxd5 exd5 12. c4 Nf6 13. cxd5 Nxd5 14. Ba3 Re8 15. Re1 Rxe1+ 16. Qxe1 h6 17. Bxd5 Qxd5 18. Qe8+ Kh7 19. Qxc8 Qxd4 20. Qc2+ g6 21. Bb2 Qd8 22. Rd1 Qf8 23. Bf6 Nc6 24. Rd7 Qe8 25. Rxb7 Rb8 26. Rc7 Rc8 27. Rxc8 Qxc8 28. Ba1 Ne7 29. Qb2 Qf8 30. Qa3 Qd8 31. Qc3 Nf5 32. h3 Qf8 33. Qf6 a5 34. a4 h5 35. Bc3 Nd6 36. Qe5 f6 37. Qxa5 Qe7 38. Qd5 Ne4 39. Bb2 Kg7 40. Kg2 Qb4 41. Qd4 Qe1 42. a5 Qe2 43. a6 g5 44. a7 g4 45. hxg4 hxg4 46. Qe3 Qxb2 47. Qxe4 1-0

[Event "Oberliga Wuerttemberg 0809"]
[Site "Wuerttemberg"]
[Date "2008.11.30"]
[Round "3.4"]
[White "Haas, Wilhelm"]
[Black "Beyer, Christian"]
[Result "1/2-1/2"]
[WhiteElo "2098"]
[BlackElo "2167"]
[PlyCount "79"]
[EventDate "2008.10.12"]
[EventType "team-tourn"]
[EventRounds "9"]
[EventCountry "GER"]
[SourceTitle "EXT 2019"]
[Source "ChessBase"]
[SourceDate "2018.10.10"]
[SourceVersion "1"]
[SourceVersionDate "2018.10.10"]
[SourceQuality "1"]
[WhiteTeam "Stuttgart SF II"]
[BlackTeam "Feuerbach"]
[WhiteTeamCountry "GER"]
[BlackTeamCountry "GER"]

1. d4 Nf6 2. c4 Nc6 3. Nf3 e6 4. Nc3 Bb4 5. Qc2 0-0 6. Bg5 h6 7. Bxf6 Qxf6 8. e3 e5 9. a3 exd4 10. axb4 dxc3 11. Qxc3 Qxc3+ 12. bxc3 b6 13. Nd4 Bb7 14. Nb5 Rfc8 15. Be2 a6 16. Na3 a5 17. Bf3 Rcb8 18. Bxc6 Bxc6 19. f3 axb4 20. cxb4 d5 21. Kd2 dxc4 22. Nxc4 Re8 23. Rhe1 Bb5 24. Nb2 Rad8+ 25. Kc2 Rd6 26. e4 Rg6 27. g3 Rc6+ 28. Kb3 Rd8 29. Rac1 Rd2 30. Rxc6 Bxc6 31. Rc1 Bd7 32. Rc2 Be6+ 33. Kc3 Rd8 34. Nd3 g5 35. f4 Bc8 36. Ra2 Bb7 37. Nf2 Re8 38. Kd4 Re7 39. Rc2 Kg7 40. Ke3 1/2-1/2

[Event "Stuttgart-ch"]
[Site "Gerlingen"]
[Date "2007.05.18"]
[Round "3"]
[White "Beyer, Christian"]
[Black "Rausis, Igors"]
[Result "1/2-1/2"]
[WhiteElo "2218"]
[BlackElo "2537"]
[PlyCount "85"]
[EventDate "2007.05.17"]
[EventType "swiss"]
[EventRounds "7"]
[EventCountry "GER"]
[SourceTitle "CBM 118 Extra"]
[Source "ChessBase"]
[SourceDate "2007.07.04"]
[SourceVersion "1"]
[SourceVersionDate "2007.07.04"]
[SourceQuality "1"]

1. Nc3 d5 2. e4 c6 3. d3 g6 4. g3 Bg7 5. Bg2 dxe4 6. Nxe4 Nd7 7. Qe2 Ndf6 8. Nf3 Nxe4 9. dxe4 Nf6 10. 0-0 0-0 11. Bd2 Qb6 12. Bc3 Ne8 13. e5 Nc7 14. b3 a5 15. a4 Be6 16. Rad1 Nd5 17. Ba1 Nb4 18. Ng5 Bd5 19. Bxd5 cxd5 20. Bd4 Qc7 21. c3 Nc6 22. f4 Nxd4 23. cxd4 Qb6 24. Qd3 Rac8 25. Rc1 f6 26. exf6 exf6 27. Nf3 Qe6 28. Kg2 Qe4 29. Qb5 g5 30. Rfe1 Rc2+ 31. Rxc2 Qxc2+ 32. Re2 Qf5 33. Re7 gxf4 34. Qd7 Qxd7 35. Rxd7 fxg3 36. hxg3 Re8 37. Rxd5 Re2+ 38. Kh3 Re3 39. Nh4 Rxb3 40. Rxa5 Kf7 41. Nf5 Bf8 42. d5 Ba3 43. Kg4 1/2-1/2

[Event "Stuttgart-ch"]
[Site "Gerlingen"]
[Date "2007.05.18"]
[Round "4"]
[White "Savchenko, Stanislav"]
[Black "Beyer, Christian"]
[Result "1-0"]
[WhiteElo "2545"]
[BlackElo "2218"]
[PlyCount "65"]
[EventDate "2007.05.17"]
[EventType "swiss"]
[EventRounds "7"]
[EventCountry "GER"]
[SourceTitle "CBM 118 Extra"]
[Source "ChessBase"]
[SourceDate "2007.07.04"]
[SourceVersion "1"]
[SourceVersionDate "2007.07.04"]
[SourceQuality "1"]

1. d4 d5 2. c4 e6 3. Nf3 c5 4. cxd5 exd5 5. Bg5 f6 6. Bd2 Nc6 7. dxc5 Bxc5 8. Nc3 Nge7 9. Rc1 a6 10. g3 0-0 11. Bg2 Ba7 12. 0-0 Be6 13. e3 Qd7 14. Ne2 Rad8 15. Bc3 Bg4 16. Qd2 Rfe8 17. Bd4 Nxd4 18. Nexd4 Nf5 19. Nxf5 Qxf5 20. Nd4 Qe5 21. h3 Bh5 22. Qb4 Rd7 23. Qa4 Rdd8 24. Rc3 Bg6 25. Rfc1 h5 26. Rc7 h4 27. Nf3 Qxb2 28. Qg4 hxg3 29. Qxg6 gxf2+ 30. Kh2 f5 31. Ng5 f1N+ 32. Rxf1 Qe5+ 33. Kh1 1-0

[Event "Stuttgart-chA int"]
[Site "Gerlingen"]
[Date "2007.05.17"]
[Round "1"]
[White "Beyer, Christian"]
[Black "Unger, Franz"]
[Result "1-0"]
[WhiteElo "2218"]
[BlackElo "2017"]
[PlyCount "75"]
[EventDate "2007.05.17"]
[EventType "swiss"]
[EventRounds "7"]
[EventCountry "GER"]
[SourceTitle "EXT 2018"]
[Source "ChessBase"]
[SourceDate "2017.10.13"]
[SourceVersion "1"]
[SourceVersionDate "2017.10.13"]
[SourceQuality "1"]

1. Nc3 Nf6 2. e4 e5 3. f4 d5 4. fxe5 Nxe4 5. d3 Nxc3 6. bxc3 Bf5 7. Nf3 Be7 8. Rb1 b6 9. d4 0-0 10. Bd3 Bxd3 11. Qxd3 f6 12. 0-0 fxe5 13. Nxe5 Rxf1+ 14. Qxf1 Bf6 15. Ng4 Nc6 16. Qf5 Qd6 17. Ba3 Qxa3 18. Nxf6+ gxf6 19. Qxd5+ Kg7 20. Qxc6 Rf8 21. Qxc7+ Rf7 22. Qg3+ Kf8 23. Re1 Re7 24. Rf1 Re6 25. Qh4 Kg7 26. Qg4+ Kf7 27. Qh5+ Kg7 28. d5 Qc5+ 29. Kh1 Re5 30. Qf3 Qe7 31. Qg3+ Kf7 32. Qd3 Kg7 33. d6 Qd7 34. Qg3+ Rg5 35. Qf4 Qd8 36. Qd4 Re5 37. d7 Rc5 38. Rxf6 1-0

[Event "Oberliga Wuerttemberg 0102"]
[Site "Wuerttemberg"]
[Date "2002.??.??"]
[Round "8"]
[White "Beyer, Christian"]
[Black "Ott, Frank"]
[Result "0-1"]
[WhiteElo "2184"]
[BlackElo "2266"]
[PlyCount "79"]
[EventDate "2001.10.01"]
[EventType "team-tourn"]
[EventRounds "9"]
[EventCountry "GER"]
[SourceTitle "EXT 2019"]
[Source "ChessBase"]
[SourceDate "2018.10.10"]
[SourceVersion "1"]
[SourceVersionDate "2018.10.10"]
[SourceQuality "1"]
[WhiteTeam "Ditzingen"]
[BlackTeam "Wolfbusch"]
[WhiteTeamCountry "GER"]
[BlackTeamCountry "GER"]

1. e4 g6 2. d4 Bg7 3. c4 d6 4. Nc3 Nf6 5. Nf3 0-0 6. Be2 Nbd7 7. 0-0 e5 8. Re1 c6 9. Bf1 Qb6 10. Re2 exd4 11. Nxd4 Re8 12. Bf4 Nc5 13. Qc2 Bg4 14. Nf3 Bxf3 15. gxf3 Ne6 16. Bxd6 Nd4 17. Qd1 Nxe2+ 18. Qxe2 Nh5 19. Bh3 Be5 20. c5 Qd8 21. Bg4 Nf4 22. Qe3 Bxd6 23. Rd1 h5 24. Rxd6 Qg5 25. h4 Qe5 26. Bd7 Re7 27. Kf1 Rd8 28. Bxc6 Rxd6 29. cxd6 Qxd6 30. Bb5 Qf6 31. Qxa7 Qxh4 32. Ke1 Qh1+ 33. Bf1 Qxf3 34. Qc5 Rxe4+ 35. Nxe4 Qxe4+ 36. Qe3 Qb1+ 37. Kd2 Qxb2+ 38. Kd1 Qb1+ 39. Kd2 Qxa2+ 40. Kc1 0-1

[Event "Wuerttemberg-ch Meister"]
[Site "Wuerttemberg"]
[Date "2001.09.02"]
[Round "9"]
[White "Beyer, Christian"]
[Black "Ryba, Andreas"]
[Result "1-0"]
[WhiteElo "2305"]
[BlackElo "2153"]
[PlyCount "81"]
[EventDate "2001.08.25"]
[EventType "swiss"]
[EventRounds "9"]
[EventCountry "GER"]
[SourceTitle "EXT 2019"]
[Source "ChessBase"]
[SourceDate "2018.10.10"]
[SourceVersion "1"]
[SourceVersionDate "2018.10.10"]
[SourceQuality "1"]

1. e4 c5 2. Nc3 d6 3. Nge2 Nc6 4. d4 cxd4 5. Nxd4 Nf6 6. Bg5 h6 7. Bxf6 gxf6 8. Bb5 Bd7 9. Nf5 Rg8 10. g3 a6 11. Be2 Qa5 12. Qd2 Bxf5 13. exf5 e6 14. fxe6 fxe6 15. Qe3 e5 16. 0-0-0 0-0-0 17. Bc4 Rg7 18. Nd5 f5 19. Qxh6 Rg4 20. Qe6+ Kb8 21. Bb3 Nd4 22. Qf7 Nxb3+ 23. axb3 Rc8 24. Kb1 f4 25. Qf5 Rg8 26. g4 e4 27. Qxe4 Bg7 28. Qb4 Qd8 29. Rhe1 Be5 30. f3 Rh8 31. Rd2 Rh3 32. Rxe5 dxe5 33. Nxf4 exf4 34. Rxd8 Rxd8 35. Qxf4+ Ka8 36. b4 Rdh8 37. g5 Rxh2 38. Qe5 Rh1+ 39. Ka2 Rg1 40. Qe6 Rf8 41. g6 1-0

[Event "Wuerttemberg op"]
[Site "Germany"]
[Date "2001.08.28"]
[Round "4"]
[White "Beyer, Christian"]
[Black "Schmidt, Joachim"]
[Result "1-0"]
[WhiteElo "2305"]
[BlackElo "2031"]
[PlyCount "49"]
[EventDate "2001.08.??"]
[EventType "swiss"]
[EventRounds "8"]
[EventCountry "GER"]
[SourceTitle "EXT 2002"]
[Source "ChessBase"]
[SourceDate "2001.11.25"]
[SourceVersion "1"]
[SourceVersionDate "2001.11.25"]
[SourceQuality "1"]

1. e4 c5 2. Nf3 Nc6 3. d4 cxd4 4. Nxd4 Nf6 5. Nc3 d6 6. Bg5 e6 7. Qd2 a6 8. 0-0-0 h6 9. Be3 Bd7 10. f4 b5 11. a3 Be7 12. Be2 Qc7 13. Bf3 Rb8 14. g4 Nxd4 15. Bxd4 e5 16. Be3 Bxg4 17. Bxg4 Nxg4 18. Nd5 Qb7 19. Bb6 0-0 20. Rhg1 Nf6 21. fxe5 Nxe4 22. Qxh6 Bg5+ 23. Rxg5 Nxg5 24. Nf6+ gxf6 25. exf6 1-0

[Event "Oberliga Wuerttemberg 0001"]
[Site "Wuerttemberg"]
[Date "2001.03.11"]
[Round "7"]
[White "Beyer, Christian"]
[Black "Eisele, Steffen"]
[Result "0-1"]
[WhiteElo "2305"]
[BlackElo "2212"]
[PlyCount "134"]
[EventDate "2000.10.15"]
[EventType "team"]
[EventRounds "9"]
[EventCountry "GER"]
[SourceTitle "EXT 2019"]
[Source "ChessBase"]
[SourceDate "2018.10.10"]
[SourceVersion "1"]
[SourceVersionDate "2018.10.10"]
[SourceQuality "1"]

1. e4 g6 2. d4 Bg7 3. Nc3 d6 4. Be3 c6 5. Qd2 b5 6. a4 b4 7. Nd1 a5 8. c3 bxc3 9. bxc3 Nd7 10. h4 h5 11. f3 Ngf6 12. Bd3 Ba6 13. Bxa6 Rxa6 14. Nh3 Nb6 15. 0-0 Ra8 16. Nb2 Qc8 17. Ng5 0-0 18. Rab1 Qa6 19. Qc2 Nfd7 20. Kh1 c5 21. dxc5 Nxc5 22. Bxc5 dxc5 23. Nd3 Nd7 24. Rb5 c4 25. Nf4 Qd6 26. e5 Nxe5 27. Rd5 Qc6 28. Qe4 Nd3 29. Nfe6 fxe6 30. Nxe6 Qe8 31. Qxc4 Nb2 32. Qe4 Rc8 33. Nxf8 Kxf8 34. Rxa5 Bxc3 35. Rg5 Rc4 36. Qb1 Rxh4+ 37. Kg1 Bd4+ 38. Rf2 Qxa4 39. g3 Bxf2+ 40. Kg2 Qd1 41. Qxd1 Nxd1 42. gxh4 Bxh4 43. Rxg6 Bf6 44. Kh3 Kf7 45. Rh6 h4 46. Rh5 Kg6 47. Rb5 Nf2+ 48. Kg2 Nd3 49. Kh3 e5 50. Rb3 Nf4+ 51. Kg4 h3 52. Rb5 Kf7 53. Ra5 Bg7 54. Ra7+ Kg6 55. Ra6+ Kh7 56. Rb6 Bf8 57. Rc6 Bb4 58. Rc7+ Kg6 59. Rc6+ Kg7 60. Rc7+ Kg8 61. Rc8+ Kf7 62. Kf5 Be1 63. Rc7+ Kg8 64. Rc1 Nd3 65. Rc2 Bg3 66. f4 Bxf4 67. Kf6 h2 0-1

[Event "Oberliga Wuerttemberg 0001"]
[Site "Wuerttemberg"]
[Date "2001.02.18"]
[Round "6.3"]
[White "Kruck, Daniel"]
[Black "Beyer, Christian"]
[Result "1-0"]
[WhiteElo "2187"]
[BlackElo "2305"]
[PlyCount "53"]
[EventDate "2000.10.15"]
[EventType "team"]
[EventRounds "9"]
[EventCountry "GER"]
[SourceTitle "EXT 2002"]
[Source "ChessBase"]
[SourceDate "2001.11.25"]
[SourceVersion "1"]
[SourceVersionDate "2001.11.25"]
[SourceQuality "1"]

1. Nf3 d5 2. d4 Nc6 3. g3 Bg4 4. Bg2 Qd7 5. h3 Bf5 6. a3 h6 7. Nc3 Nf6 8. Ne5 Nxe5 9. dxe5 d4 10. exf6 dxc3 11. Qxd7+ Kxd7 12. fxe7 Bxe7 13. e4 Bf6 14. Be3 Bh7 15. b3 Rhe8 16. f3 Rad8 17. Ke2 Kc8 18. Rhd1 Rxd1 19. Rxd1 Be7 20. a4 Bd6 21. g4 b6 22. Bd4 g5 23. Bxc3 Re6 24. Bf1 Bf4 25. Kf2 c6 26. Bc4 Re7 27. Bf6 1-0